| 000 | 00533nam a2200193Ia 4500 | ||
|---|---|---|---|
| 003 | LDD | ||
| 008 | 181029s9999 xx 000 0 und d | ||
| 020 |
_a195678974 _c595.00 |
||
| 040 | _cLDD | ||
| 100 | _aHarriss, John | ||
| 245 | 0 |
_aPower Matters _cJohn Harriss |
|
| 260 |
_aNew Delhi _bOxford University _c2006 |
||
| 300 | _axi, 314p. | ||
| 365 | _b595.00 | ||
| 901 |
_a3548 _b24-11-2006 |
||
| 902 |
_a1422/10/06 _b05-12-2006 _cF _dSELECT _e33 |
||
| 903 |
_aDiscount-10 _bReqst by : Barik, |
||
| 942 |
_2ddc _cBK |
||
| 999 |
_c76732 _d76732 |
||